¿Qué esconde Demetrio Latov? /
Demetrio Latov se ha hecho muchos amigos en la escuela, pero ninguno conoce su gran secreto: pertenece a una familia de vampiros. En esta nueva aventura, tendrá que cumplir con una importante misión, mientras sigue descubriendo aspectos ocultos de la historia
Guardado en:
| Autor Principal: | |
|---|---|
| Otros Autores: | |
| Formato: | Libro |
| Idioma: | Undetermined |
| Publicado: |
Buenos Aires :
SM,
2010.
|
| Series: | El barco de vapor ;
14 |
| Materias: | |
| Etiquetas: |
Agregar Etiqueta
Sin Etiquetas, Sea el primero en etiquetar este registro!
|
| LEADER | 00962nam a22002295a 4500 | ||
|---|---|---|---|
| 001 | CEM.cems019907 | ||
| 008 | 230314s2010####ag############000#0#und#d | ||
| 005 | 20230314104836.0 | ||
| 245 | 1 | 0 | |a ¿Qué esconde Demetrio Latov? / |c Ángeles Durini ; ilustraciones de Pablo Bernasconi. |
| 260 | |a Buenos Aires : |b SM, |c 2010. | ||
| 300 | |a 168 p. ; |c 18 cm. | ||
| 490 | 1 | |a El barco de vapor ; |v 14 | |
| 520 | |a Demetrio Latov se ha hecho muchos amigos en la escuela, pero ninguno conoce su gran secreto: pertenece a una familia de vampiros. En esta nueva aventura, tendrá que cumplir con una importante misión, mientras sigue descubriendo aspectos ocultos de la historia | ||
| 020 | |a 9789875733091 | ||
| 100 | 1 | |a Durini, Ángeles. | |
| 700 | 1 | |a Bernasconi, Pablo. | |
| 082 | 0 | 4 | |a U863.4 |
| 653 | |a Literatura Infantil | ||
| 653 | |a Literatura Juvenil | ||
| 653 | |a Novela | ||
| 653 | |a Literatura Uruguaya | ||
| 859 | |a CEMS |b BIB. CEMS - Agricultura |h U863.4 |i D935-1 |p A3466.23 |t Ej.1 | ||
